| 000 | 00732nam a2200241 i 4500 | ||
|---|---|---|---|
| 003 | DO-SdBNP | ||
| 005 | 20231011093645.0 | ||
| 006 | a||||gr|||| 00| 0 | ||
| 007 | ta | ||
| 008 | 231011t2009 sp ||||| |||| 00| j spa d | ||
| 020 | _a9788492573936 | ||
| 040 |
_aDO-SdBNP _bspa _cBNPHU _erda |
||
| 082 | 4 |
_222 _bG277c |
|
| 245 | 1 | 0 |
_aCuentos históricos del pueblo africano. / _cJohari Gautier Carmona |
| 264 | 4 |
_aEspaña : _bAlmuzara, _c2009 |
|
| 300 |
_a139 páginas ; _c24 cm. |
||
| 336 |
_2rdacontent _atexto _btxt |
||
| 337 |
_2rdamedia _asi mediación _bn |
||
| 338 |
_2rdacarrier _avolumen _bnc |
||
| 500 | _aIncluye datos biográficos del autor en solapa de la cubierta. | ||
| 590 | _aInventariado 2023 / MF | ||
| 942 |
_2ddc _cLF2 |
||
| 999 |
_c55146 _d55146 |
||